Statistics for All territorial disputes in Africa

Click here to take the quiz!

General Stats

  • This quiz has been taken 10 times
  • The average score is 4 of 57

Answer Stats

HintAnswer% Correct
Spain-MoroccoCeuta
78%
Somaliland-SomaliaSomaliland
78%
Spain-MoroccoMelilla
67%
Morocco-Sahrawi Arab Democratic RepublicWestern Sahara
67%
Egypt-SudanHala'ib Triangle
44%
France-ComorosMayotte
33%
United Kingdom-Maldives-Mauritius-SeychellesChagos Archipelago
11%
Sudan-South SudanAbyei
0%
Comoros-France-MadagascarBanc du Geyser
0%
France-MadagascarBassas da India
0%
Zambia-Democratic Republic of the CongoChiengi
0%
Equatorial Guinea-GabonCocotiers
0%
Equatorial Guinea-GabonCongas Island
0%
Eritrea-DjiboutiDoumeira Island
0%
Eritrea-DjiboutiDoumeira Mountain
0%
France-MadagascarEuropa Island
0%
France-Comoros-MadagascarGrolioso Islands
0%
Sudan-South SudanHeglig
0%
South Africa-eSwatiniIngwavuma
0%
Spain-MoroccoIsla de Isabel II
0%
Spain-MoroccoIsla del Congreso
0%
Spain-MoroccoIsla del Rey
0%
Spain-MoroccoIsla de Mar
0%
Spain-MoroccoIsla de Tierra
0%
Democratic Republic of the Congo-Republic of the CongoIslands in the Congo River
0%
Cameroon-Equatorial GuineaIslands in the Ntem River
0%
Sudan-South SudanJodha
0%
France-MadagascarJuan de Nova Island
0%
Sudan-South SudanKafia Kingi
0%
Sudan-South SudanKaka
0%
South Africa-eSwatiniKaNgwane
0%
Benin-Burkina FasoKoalou
0%
Ivory Coast-GuineaKpéaba
0%
Tanzania-MalawiLake Nyasa
0%
Kenya-South SudanLlemi Triangle
0%
South Sudan-UgandaLogoba
0%
Kenya-UgandaLolwe
0%
Tanzania-MalawiMbamba Bay
0%
Equatorial Guinea-GabonMbañie Island
0%
Kenya-UgandaMigingo Island
0%
Algeria-LibyaOued Tourndo
0%
Kenya-UgandaOyasi
0%
Spain-MoroccoPeñón de Alhucemas
0%
Spain-MoroccoPeñón de Vélez de la Gomera
0%
Eritrea-DjiboutiRas Doumeira
0%
Kenya-UgandaRemba
0%
Kenya-UgandaRingiti
0%
Burundi-RwandaRufunzo Valley
0%
Democratic Republic of the Congo-UgandaRukwanzi Island
0%
Burundi-RwandaSabanerwa
0%
Democratic Republic of the Congo-UgandaSemliki River valley
0%
Kenya-UgandaSigulu
0%
Zambia-ZimbabweSindabezi Island
0%
Somalia-YemenSocotra Archipelago
0%
France-MauritiusTromelin Island
0%
Benin-NigeriaVillages around the Okpara River
0%
Egypt-SudanWadi Halfa Salient
0%

Score Distribution

Percentile by Number Answered

Percent of People with Each Score

Your Score History

You have not taken this quiz